| 000 | nam a22 a 4500 | ||
|---|---|---|---|
| 999 |
_c2754 _d2754 |
||
| 003 | AKMAL | ||
| 005 | 20170517161723.0 | ||
| 008 | 170517s1991 my 00 eng d | ||
| 020 |
_a9679783952 (pbk.): _cRgt. 23.00 |
||
| 039 | 9 |
_a200803121024 _brfid1 _c200803111221 _drfid1 |
|
| 040 |
_aAKMAL _cAKMAL |
||
| 049 | _abgkklpmal | ||
| 082 | 0 | 4 | _a646.72 SHE |
| 090 |
_a646.72 _bSHE |
||
| 090 |
_a646.72 _bSHE |
||
| 100 | 1 |
_aShen, Peter _95804 |
|
| 245 | 1 | 0 |
_aPeter Shen's Make-up for success : _bdramatic new cosmetic techniques incorporating the ancient art of Chinese face reading / _c[Peter Shen] with Joyce Wilson |
| 260 |
_aPetaling Jaya : _bPelanduk Publication, _c1991 |
||
| 300 |
_a160p. : _bill. ; _c26cm |
||
| 500 | _aSpine title: Make-up for success | ||
| 650 |
_aBeauty, Personal _92962 |
||
| 650 |
_aCosmetics _95805 |
||
| 650 |
_aPhysiognomy _95806 |
||
| 700 | 1 |
_aMilo, Mary, _d1915- _95807 |
|
| 740 | 2 | _aMake-up for success | |
| 942 |
_2ddc _cBOOK |
||